| 000 | 00417ata a2200181 4500 | ||
|---|---|---|---|
| 005 | 20201217112059.0 | ||
| 008 | 150714b xxu||||| |||| 00| 0 spa d | ||
| 041 | _aInglés | ||
| 082 | _a428 G943g | ||
| 245 | _aGuía práctica de verbos ingleses | ||
| 260 | _aMéxico | ||
| 260 | _bLarousse | ||
| 260 | _c2005 | ||
| 300 | _a169 páginas | ||
| 650 |
_aINGLÉS _92062 |
||
| 650 |
_aENSEÑANZA _9236 |
||
| 942 | _cBK | ||
| 999 |
_c1726 _d1726 |
||